LIBRARY & INFORMATION CENTRE, KCAET, TAVANUR

ONLINE PUBLIC ACCESS CATALOGUE (OPAC)

Elements of financial administration / (Record no. 1852)

MARC details
000 -LEADER
fixed length control field 00507cam a2200193ua 4500
041 ## - LANGUAGE CODE
Language code of text/sound track or separate title eng
082 ## - DEWEY DECIMAL CLASSIFICATION NUMBER
Classification number 658.152
Item number ODO/EL
100 ## - MAIN ENTRY--AUTHOR NAME
Personal name Odonnell, John L .
245 00 - TITLE STATEMENT
Title Elements of financial administration /
250 ## - EDITION STATEMENT
Edition statement 1 /
260 ## - PUBLICATION, DISTRIBUTION, ETC. (IMPRINT)
Place of publication New Delhi :
Name of publisher Prentice Hall of India Pvt Ltd. ,
Year of publication 1964.
300 ## - PHYSICAL DESCRIPTION
Number of Pages 681 ; .
700 1# - ADDED ENTRY--PERSONAL NAME
Personal name Goldberg, Miltons .
942 ## - ADDED ENTRY ELEMENTS (KOHA)
Koha item type Books
Holdings
Withdrawn status Lost status Damaged status Home library Current library Date acquired Full call number Accession Number Koha item type
      KAUAET KAUAET 07/04/2012 658.152 ODO/EL 10816 Books
free website counter